| 000 | 00736nam a2200229Ia 4500 | ||
|---|---|---|---|
| 008 | 191130s2007##################000#0#eng## | ||
| 020 | _a9780415395991 | ||
| 022 | _a2007015917 | ||
| 040 |
_aACL _cACL |
||
| 082 | _a323.042083 DAH | ||
| 245 |
_aYoung citizens and new media : learning for democratic participation _cedited by Peter Dahlgreen |
||
| 260 |
_aNew York _bRoutledge _cc2007 |
||
| 300 | _aviii, 262 p. : ill. ; 24 cm | ||
| 500 | _aIncludes bibliographical references and index | ||
| 650 | _aDigital media - Social aspects | ||
| 650 | _aMass media and youth | ||
| 650 | _aYouth - Political activity | ||
| 700 | _aDahlgren, Peter | ||
| 990 | _a33b55ec9ac10000c1d8d08e1356a7776 | ||
| 991 | _a152327 | ||
| 999 |
_c91108 _d91108 |
||